| 000 | 00872 a2200169 4500 | ||
|---|---|---|---|
| 003 | Nust | ||
| 005 | 20221107125943.0 | ||
| 040 | _cNust | ||
| 082 | _a510,TRI | ||
| 100 |
_aTriola, Mario F. _9102413 |
||
| 245 |
_aMathematics and the modern world / _cMario F. Triola |
||
| 260 |
_aMenlo Park _bCalif., Cummings Pub. Co. _c[1973] |
||
| 300 |
_ax, 437 p. illus. _b24 cm. |
||
| 505 | _aLogic And Set Theory (Page-1), Mathematical Systems (Page-55), Algebra (Page -89), Calculus (Page-131), Probability (Page-161), Statistics (Page-197), The Computer (Page-225), Modern Mathematical Systems (Page(257), Abstracts Mathematical System (Page-299), Mathematics in the Humanities and Social Sciences (Page-327), History of Mathematics (Pae-357), Review of Geometry and Trigonometry (Page-385). | ||
| 650 |
_aMathematics and the modern world _9102414 |
||
| 942 |
_2ddc _cBK _k510,TRI |
||
| 999 |
_c180151 _d180151 |
||